00817nam a22001937a 4500008004100000020001800041050001800059100003900077245007500116260005100191300001900242337001000261338001500271490001600286500006200302505019800364650001700562700004400579151119s2014 mx | |||| 000 0 spa d a9786071417510 4aB491.M4 A73181 aAristóteleseautord384-322 a.C.10aMetafísicac/ Aristóteles; Traductor: Alberto Rodríguez López.3 aMéxicob: Editores mexicanos unidosc, 2014. a319 páginas. aTexto aSin medio 0 aFilosofía aCCH UNAM / Filosofía II (1602) / (05 002281, 05 002282)1 aLibro I (A) Libro II (­­α) Libro III(B) Libro IV ( Γ) Libro V (Δ) Libro VI (E) Libro VII (Z) Libro VIII(H) Libro IX (Θ) Libro X (I) Libro XI (K) Libro XII (L) Libro XIII (M) Libro XIV (N)14aMETAFÍSICA aRodríguez López, Albertoetraductor